000 00881nam a2200277Ia 4500
003 OSt
005 20220924114815.0
006 a|||||r|||| 00| 0
007 ta
008 220923b |||||||| |||| 00| 0 ara d
020 _a9789774218791 (pbk)
020 _c550
024 _a281527
037 _b606, 04/09/2014, Nadwi Publications
_cTextual
040 _aARTS
_cARTS
_bara
041 _2ara
_aara
082 _aO111,2J64,72, Q1
100 _aShakespear William Au.
_9175491
245 0 _aHakayatul shatai
260 _aCairo
_bEgyption Book Org. India
_c2011
300 _a390p.
_ccm.
650 _aENGLISH DRAMA; SHAKESPEARE, WILLIAM
_931868
700 _a Anani Mohammad Tr.
_9175492
942 _hO111,2J64,72, Q1
_cTEXL
_2CC
999 _c395394
_d395394